| 000 | 00651nam a2200181Ia 4500 | ||
|---|---|---|---|
| 008 | 151018s9999 xx 000 0 und d | ||
| 082 |
_bRBASDV51266 _a155.25 |
||
| 100 | _aशर्मा कुमार पाटील | ||
| 245 | _aव्यक्तित्व विकास | ||
| 250 | _b1 | ||
| 260 |
_bविदुषी प्रकाशन _c2010 |
||
| 300 | _a128 | ||
| 600 | _aशर्मा कुमार पाटील | ||
| 630 | _aव्यक्तित्व विकास | ||
| 700 | _aशर्मा कुमार पाटील | ||
| 730 | _aव्यक्तित्व विकास | ||
| 942 | _cBOOK | ||
| 999 |
_c1050158 _d1050155 |
||